000 01180nam0a22002411 4500
001 rc\858803
005 20260406185424.0
035 _a(NLR Aleph) 006038650
090 _a7604157
_c7604157
100 _a20041129d1983 |||y0rusy50 ca
101 0 _arus
102 _aRU
105 _ay |||||||||
200 1 _aРешение Продовольственной программы - центральная задача партии и советского народа в 80-х годах
_eУчеб.-метод. пособие для преподавателей, слушателей, пропагандистов и парт.-хоз. актива
_fУн-т марксизма-ленинизма ЦК Компартии Литвы, Каф. экон. наук
_gПодгот. Л. Крюкялис, Ю. Багданавичюс
210 _aВильнюс
_cБ. и.
_d1983
215 _a82 с.
_d19
702 1 _aКрюкялис
_bЛ.Т.
_4570
712 0 2 _aУниверситет марксизма-ленинизма
_cВильнюс
_3RU\NLR\AUTH\889951033
_9398007
801 0 _aRU
_bNLR
_gpsbo
801 1 _aRU
_bELAR
_2rusmarc
852 _aNLR
_j84-4/3180
942 _cBOOK
980 _aNB